Hlboké korene smrti /

Hlavní autor: Gilbert, Michael Francis, 1912-2006
Jazyk: Slovenština
Vydáno: Bratislava : Smena, 1976
Edice: Labyrint (Smena)
Témata:
Fyzický popis: 285 s. : il. ; 17 cm
Knihy
Uloženo v:
LEADER 01036nam a22003132a 4500
001 001214298
003 CZ BrMZK
005 20120520103032.0
007 ta
008 120520s1976 xo a er|||||||||||slo d
040 |a ABA001  |b cze  |c ABA001  |d ABA001 
041 1 |a slo  |h eng 
072 7 |a 821.111-3  |x Anglická próza, anglicky psaná  |2 Konspekt  |9 25 
080 |a 821.111-31  |2 MRF 
080 |a (0:82-312.4)  |2 MRF 
100 1 |a Gilbert, Michael Francis,  |d 1912-2006  |7 jn20000601810  |4 aut 
245 1 0 |a Hlboké korene smrti /  |c Michael Gilbert 
260 |a Bratislava :  |b Smena,  |c 1976 
300 |a 285 s. :  |b il. ;  |c 17 cm 
490 1 |a Labyrint ;  |v zv. 55 
500 |a Přeloženo z angličtiny 
655 7 |a anglické romány  |7 fd131814  |2 czenas 
655 7 |a detektivní romány  |7 fd132010  |2 czenas 
765 0 |t Death has deep roots  |9 Slovensky 
830 0 |a Labyrint (Smena) 
910 |a BOA001  |b D-0754.218 
990 |a BK 
991 |b 201205 
996 6 |b 2619534432  |c D-0754.218  |l MZK  |r Sklad / do 24 hodin  |n 0  |w 001248053  |u 000010  |a 1  |e BOA001  |j MZK50  |s P